Loading...
The Beginnings of Budhist Art and other essay in Indian and Central Asian Archaeology /
| Main Author: | |
|---|---|
| Format: | Printed Book |
| Language: | English |
| Published: |
Varanasi :
Indological Book House,
1972.
|
| LEADER | 00454nam a2200109Ia 4500 | ||
|---|---|---|---|
| 008 | 160114b xxu||||| |||| 00| 0 eng d | ||
| 100 | |a A. Foucher | ||
| 245 | 4 | |a The Beginnings of Budhist Art and other essay in Indian and Central Asian Archaeology / |c by A. Foucher | |
| 260 | |a Varanasi : |b Indological Book House, |c 1972. | ||
| 942 | |c REF | ||
| 999 | |c 292123 |d 292123 | ||
| 952 | |0 0 |1 0 |4 0 |7 0 |9 332448 |a HIS |b HIS |c REF |d 2016-02-02 |g 75.00 |i 12887 |l 0 |p HIS12887 |r 2016-02-02 |w 2016-02-02 |y REF | ||